| 000 | 00672nam a2200181 a 4500 | ||
|---|---|---|---|
| 001 | 000039628 | ||
| 005 | 20201002033641.0 | ||
| 008 | 130712s1986 cr ab 000 0 spa d | ||
| 020 | _a997767366 | ||
| 040 |
_aDO-SdBNP _bspa _cBNPHU |
||
| 082 | _axxx | ||
| 100 | 1 |
_aCardoso, Ciro F. S., _d1942- _965805 |
|
| 245 | 1 | 0 |
_aCentroamérica y la economía occidental (1520-1930) / _cCiro F. S. Ciro, Héctor Pérez Brignoli ; prólogo Enrique Florescano. |
| 260 |
_aSan José, Costa Rica : _bUniversidad de Costa Rica, _c1986. |
||
| 300 |
_axiii, 382 p. : _bil., maps. ; _c21cm. |
||
| 700 | 1 |
_aPérez Brignoli, Héctor, _d1945- _965806 |
|
| 700 | 1 |
_aFlorescano, Enrique, _epról. _965807 |
|
| 999 |
_c39118 _d39118 |
||